| 000 | 01017cab a2200253 4500 | ||
|---|---|---|---|
| 001 | WB3001-45 | ||
| 008 | 090401t1994 xxu||||| |||| 00| 0 eng d | ||
| 035 | _a(Sirsi) u42143 | ||
| 041 | _aeng | ||
| 245 | _aValuer told to pay £16m | ||
| 260 | _c1994 | ||
| 350 | _a0 | ||
| 490 |
_aFinancial Times _v23 December 1993, 5 |
||
| 490 |
_aCSW - The Property Week _v46(1) 6 January 1994, 5(1) |
||
| 520 | _aIn "Banque Bruxelles Lambert and Eagle Star v John D Wood Commercial" the High Court has ordered John D Wood to pay £16m in damages for professional negligence in valuations on three properties. BBL had shown contributory negligence and damages were reduced by 30 per cent. Notes that valuers could not be liable for the fall in property values resulting from a collapse in the property market. | ||
| 650 | _aNEGLIGENCE | ||
| 650 | _aPROPERTY CRASH | ||
| 650 | _aPROPERTY VALUES | ||
| 650 | _aVALUATIONS | ||
| 650 | _aVALUERS | ||
| 690 | _aRATING AND VALUATION | ||
| 942 | _n0 | ||
| 948 | _c04/03/1997 | ||
| 999 |
_c27072 _d27072 |
||